[Event "Moscow Tal Memorial 8th"]
[Site "Moscow"]
[Date "2013.06.17"]
[Round "4"]
[White "Caruana, Fabiano"]
[Black "Nakamura, Hikaru"]
[Result "0-1"]
[WhiteElo "2774"]
[BlackElo "2784"]
[Annotator "Szabo,Kr"]
[PlyCount "78"]
[EventDate "2013.06.13"]
[EventType "tourn"]
[EventRounds "9"]
[EventCountry "RUS"]
[EventCategory "22"]
[SourceTitle "CBM 155"]
[Source "ChessBase"]
[SourceDate "2013.07.16"]
[SourceVersion "1"]
[SourceVersionDate "2013.07.16"]
[SourceQuality "1"]

1. e4 c5 2. Nf3 d6 3. d4 cxd4 4. Nxd4 Nf6 5. Nc3 a6 6. f3 e5 7. Nb3 Be6 8. Be3
h5 {A very interesting and popular line nowadays. Black avoids White's main
attacking plan by g4, so after this play becomes positional.} 9. Qd2 (9. Nd5 {
is similar to the game, but in the event of} Nxd5 10. exd5 Bf5 {White has an
extra} 11. Bd3 {and he doesn't lose a tempo with Qd2.}) 9... Nbd7 10. Nd5 (10.
O-O-O {is another main line.}) 10... Nxd5 (10... Bxd5 {is more common.} 11.
exd5 g6 $5 {a very interesing idea by Topalov.} 12. O-O-O Nb6 13. Qa5 Bh6 $1 {
This is the point of 11...g6.} 14. Bxh6 Rxh6 15. Kb1 Rc8 (15... Kf8 $5) 16. Qb4
$1 {Prepares for c4.} Kf8 17. c4 Kg7 18. g3 Rh8 19. Rc1 Qc7 20. Bh3 $1 Rce8 21.
Rhd1 Re7 22. a3 Rd8 23. Nd2 {(Anand-Topalov, Wijk aan Zee 2008)} e4 $1 {
and Black has some counterplay, for example:} 24. Qc3 ({or} 24. Nxe4 Nxe4 25.
fxe4 Rxe4) 24... Na4 25. Qc2 (25. Qd4 exf3 26. Rf1 Qc5 $15) 25... Nc5 $132) 11.
exd5 Bf5 12. Be2 Rc8 13. Rc1 $146 {Novelty. Caruana prepares for c4 and the R
can be useful on c1.} ({Immediately} 13. c4 {is very similar} Qh4+ 14. Bf2 Qf6
15. O-O h4 16. Be3 Be7 17. Na5 Rc7 18. b4 Qg6 (18... O-O $5) 19. Rad1 {This
move is also prepares for the break-through by c5!} Bc2 (19... e4 20. c5 $1)
20. Rc1 Bf5 21. c5 $1 $36 {Maliangkay-Hiltunen, Czechia 2003.}) 13... Qh4+ $1 {
A nice provoking move. Black wants to create weaknesses on White's K side.} 14.
g3 ({In the event of} 14. Bf2 Qf6 {.}) 14... Qf6 {Now White has to calculate
with h4 after all moves.} 15. O-O Be7 ({Still} 15... h4 $2 {doesn't work, as}
16. g4 $1 Bh7 17. Bg5 Qg6 18. Bd3 $18 {and the Q is trapped.}) 16. Na5 Rc7 17.
Bd3 (17. c4 O-O 18. Bd3 {transposes to the game.}) 17... O-O 18. c4 Bxd3 19.
Qxd3 Re8 20. b4 Bf8 21. Rce1 (21. Kg2 $5 {improves the K's position and
prepares h3, which can be useful in case of ...e4 f4.} g6 (21... e4 22. fxe4
Qb2+ 23. Qd2 Qxd2+ 24. Bxd2 Rxe4 25. Bf4 {The _|_ can be slightly better for
White.}) 22. Nb3 $5 (22. Rc2 e4 (22... Qe7 23. Qd2 e4 24. f4 Nf6 25. h3 $14)
23. fxe4 Qe7 24. Bf4 Qxe4+ 25. Qxe4 Rxe4 26. Rd1 Nb6)) 21... g6 22. Qd2 ({Still
} 22. Kg2 $5 {is also interesting} e4 23. Qb3 (23. fxe4 Qb2+ 24. Qd2 Qxd2+ 25.
Bxd2 Ne5 26. Rc1 Nd3 $132 {with some counterplay.}) 23... exf3+ 24. Rxf3 {
and White looks nicely placed.}) 22... Qf5 (22... Bg7 $6 {is dubious, because}
23. c5 $1 $16 {is working.}) 23. a4 (23. Kg2 b5 (23... Nf6 24. h3 $14) 24. Nc6)
23... Nf6 24. Bb6 ({After} 24. Kg2 b5 $1 $132 {is very strong.}) (24. c5 h4 25.
c6 (25. g4 Nxg4 $1 26. fxg4 Qxg4+ 27. Kh1 Qe4+ 28. Kg1 (28. Qg2 Qxb4 $132)
28... Qg4+ $11 {and Black has perpetual checks.}) 25... hxg3 26. hxg3 bxc6 27.
dxc6 Rb8 28. Rb1 d5 29. b5 axb5 30. axb5 d4 $13 {with a double-edged fight,
because Black looks also very fast.}) 24... Rcc8 25. f4 $6 (25. Kg2 $5) 25...
e4 26. Bd4 Rc7 27. h3 $6 {Dubious, but White's position is already difficult.}
({Now} 27. Bb6 $6 {is not effective because of} Rce7 $15) ({Maybe} 27. Re2 {
was the best, but after} h4 {Black has a nice initiative.}) 27... Bg7 28. Qg2 (
28. Kg2 {is too late, as} b5 $1 $17) (28. Qb2 b5) 28... b5 $1 {A very strong
break-through by Nakamura!} 29. axb5 axb5 30. Bxf6 Bxf6 31. g4 hxg4 32. hxg4
Bd4+ 33. Kh2 Qf6 34. Nc6 Bb6 35. g5 Qf5 36. c5 (36. Qh3 bxc4 37. Qxf5 gxf5 {
is also hopeless for White.}) 36... dxc5 37. Ne5 cxb4 38. d6 Rc3 39. Rxe4 Kg7 {
A great win by Nakamura!} 0-1

[Event "Sinquefield Cup 1st"]
[Site "Saint Louis"]
[Date "2013.09.09"]
[Round "1"]
[White "Nakamura, Hikaru"]
[Black "Aronian, Levon"]
[Result "1-0"]
[WhiteElo "2772"]
[BlackElo "2813"]
[Annotator "Ramirez Alvarez,A"]
[PlyCount "81"]
[EventDate "2013.09.09"]
[EventType "tourn"]
[EventRounds "6"]
[EventCountry "USA"]
[EventCategory "22"]
[SourceTitle "CBM 157"]
[Source "ChessBase"]
[SourceDate "2013.11.12"]
[SourceVersion "1"]
[SourceVersionDate "2013.11.12"]
[SourceQuality "1"]

{Aronian was the last person on his board, arriving only a few minutes before
the opening moves.} 1. e4 e5 2. Nf3 Nc6 3. Bb5 a6 4. Ba4 Nf6 5. O-O Be7 6. Re1
b5 7. Bb3 O-O 8. a4 b4 9. d4 d6 10. dxe5 Nxe5 11. Nbd2 {The players
confidently blitzed to this position, but here Aronian began to think. Maybe
he was not anticipating this in his preparation, but it seemed that he wasn't
out of his own book as he quickly replied...} Nfd7 12. Nd4 c5 13. Nf5 {Hikaru
has nothing to complain out of the opening. His powerful control of the
lightsquares a dangerous knight on f5 should give him the better position.} Nf6
14. Ne3 (14. Nf3 $5 {was maybe a better move, trying to mobilize all of
White's pieces, but Black can try to create counterplay after} Bxf5 15. exf5
Qc7 {preparing c4.} (15... c4 $2 {this move immediately does not work because}
16. Nxe5 cxb3 17. Nc6 {is a deadly fork.})) 14... Bb7 15. f3 Ng6 $6 {White
retains strong pressure after this. Levon spent a lot of time on this move but
maybe he was not confident in his calculations nonetheless.} (15... d5 $1 {
Breaking in the center is the only reason to put the bishop on b7.} 16. exd5
Nxd5 17. Nxd5 Bxd5 18. Rxe5 Bxb3 19. Rxe7 $1 (19. cxb3 $2 Qd4+ 20. Kh1 Qxe5 {
and Black wins.}) 19... Qxe7 20. Nxb3 Rad8 21. Qf1 c4 $1 22. Nd2 Qc5+ $1 23.
Qf2 Qe5 {Despite White's material advantage, it's very hard to see how exactly
he will untangle. It is more pleasant to be Black, but maybe Aronian was
worried that White would be able to develop and utilize his material advantage.
}) 16. Ndc4 d5 17. exd5 Nxd5 18. Nf5 Qc7 19. Nxe7+ Ngxe7 20. Bg5 {White's pair
of bishops secures him a slight but stable advantage. Also, Black's pawn
structure on the queenside is not the best.} Nf5 21. c3 (21. Na5 $5 {would've
been a very interesting move, since after} Qxa5 22. Bxd5 Bxd5 23. Qxd5 {
White's pieces are clearly dominating the board.}) 21... bxc3 22. bxc3 h6 23.
Qd3 g6 24. Bd2 Rad8 25. Qe2 Nf4 {It seems that with this move Black starts
regaining control of the position and equality. White's only advantage is the
pair of bishops and without it Black should hold without problems.} 26. Bxf4
Qxf4 27. Rad1 Bd5 28. Nd2 Bxb3 29. Nxb3 Qxa4 30. Nxc5 Qb5 $4 {A stunning
blunder!} (30... Qc6 31. Ne4 {would have led to an easy draw.}) 31. Qxb5 axb5
32. Nd7 {Nakamura played this instantly, after which Aronian was visibly
shaken. He might have completely forgotten about this resource which wins an
exchange. The Armenian was very fidgety before he decided his best chance was
to immediately take on d7.} Rxd7 33. Rxd7 Ra8 {Without the queenside pawns
Black might have some hope of holding the draw.} 34. Kf2 Ra6 35. g4 Nh4 36. f4
Rc6 37. Re8+ Kg7 38. Ree7 Rf6 39. Kg3 g5 40. f5 h5 41. Re6 {Nakamura starts
the tournament with an unexpected win.} 1-0

[Event "Sinquefield Cup 1st"]
[Site "Saint Louis"]
[Date "2013.09.10"]
[Round "2"]
[White "Nakamura, Hikaru"]
[Black "Kamsky, Gata"]
[Result "1-0"]
[WhiteElo "2772"]
[BlackElo "2741"]
[Annotator "Ramirez Alvarez,A"]
[PlyCount "83"]
[EventDate "2013.09.09"]
[EventType "tourn"]
[EventRounds "6"]
[EventCountry "USA"]
[EventCategory "22"]
[SourceTitle "CBM 157"]
[Source "ChessBase"]
[SourceDate "2013.11.12"]
[SourceVersion "1"]
[SourceVersionDate "2013.11.12"]
[SourceQuality "1"]

1. e4 c5 {A small surprise. Kamsky has used the Sicilian many times in the
past, but he is better known as a Spanish player.} 2. Nf3 e6 3. d4 cxd4 4. Nxd4
a6 5. Nc3 b5 6. Bd3 Bb7 7. O-O Nc6 8. Nxc6 Bxc6 {Interestingly, both players
have had this position with Black.} 9. Re1 (9. Qe2 $6 Bc5 10. e5 Bd4 $1 11. Rd1
Qb6 {with adequate counterplay in Felgaer-Kamsky, 2010.}) 9... Qb8 10. a4 (10.
Qe2 Bd6 11. e5 Bc7 {was the end of the game in Gashimov-Nakamura, Tata Steel
2012. The game still has lot of life left, of course.}) 10... b4 11. Nd5 {
The knight is obviously taboo, but it isn't immediately threatening anything
by itself - the main point is that it is supporting the move Bf4.} Bd6 12. Qh5
Ne7 13. Nxe7 Bxe7 14. b3 a5 $6 {Kamsky played this move very quickly, but it
is hard to justify exactly why a5 was necessary.} (14... O-O $5 15. Bb2 f6 {
looks dangerous, but might be entirely playable as at some point Black might
play e5 to close White's bishops, or at least he will be ready to meet e5 with
f5 closing the diagonals in that way.}) 15. Bb2 Bf6 16. Bxf6 gxf6 17. e5 {
Black has a lot of weakness and will have to prove that his activity can
compensate for this and hold his position together.} Rg8 18. g3 Rg5 19. Qh6
Rxe5 20. Qxf6 Rh5 $1 {An important move, without this Black would quickly lose
the h7 pawn without compensation.} 21. Be4 $1 {Nakamura uses the fact that the
security of the king is a prime factor in major piece endgames - and it is
clear that the e8 king is not a happy camper.} Qd8 22. Qf3 Rc5 23. Qe3 {
A strange choice, as now Kamsky could simplify the position significantly.} (
23. Bxc6 {was more in tune with White's plans.} dxc6 (23... Rxc6 $2 24. Re4 $1
{and immediately Black has serious problems with his king and the h7-pawn.})
24. Rad1 Qg5 (24... Rd5 25. Rxd5 Qxd5 26. Qf6 {and again the h7-pawn is the
issue}) 25. Rd6 {and it seems impossible to defend c6, which nets White an
extra pawn.}) 23... Qe7 (23... Re5 24. Qd4 Rxe4 25. Rxe4 Bxe4 26. Qxe4 h6 $11 {
and Black is barely holding, but his counterplay against the weak c2 pawn
seems to keep him alive and almost equal.}) 24. Bxh7 $5 {The only way to fight
for an advantage. This comes with some risk as the bishop will be trapped and
out of play for a long time, while the pawn advantage will not be of use for
many moves.} f5 {This is of course Black's point} 25. Bg6+ Kd8 {The king heads
to safer grounds, while it will allow the a8-rook to swing back to the game.}
26. Rac1 $5 {A "mysterious" rook move as Nimzowitsch would say. The idea is
that a potential c3 break might be very powerful.} Kc7 27. Bh5 e5 $5 {Very
optimistic.} ({Black could also have played...} 27... Qd6 $5 28. Rcd1 f4 $1 {
and the game turns to be quite interesting as White has to play carefully to
not get into hot water.}) 28. f4 $6 {Not a move that Nakamura wanted to play,
but he thought it was necessary to stop Black's play.} (28. c4 $5 {Securing
the queenside structure} f4 29. Qe2 e4 $1 {Black obtains a strong attack.})
28... Qd6 $1 {With Nakamura down to only four minutes - an extremely unusual
event - Kamsky has secured both good counterplay and dangerous tactical
chances against his opponent.} 29. Rf1 exf4 30. Qxf4 Be4 31. Qf2 Rc3 32. Be2
Kb7 $6 {An unfortunate decision. Kamsky was clearly worried about the queen's
opportunities on the f2-a7 diagonal, but now his own queen will be tied down
to the d7-pawn - not a position it wants to be in.} 33. Rcd1 Qe6 34. Bc4 d5 35.
Qc5 $1 {Nakamura is such a resourceful player! Here the bishop is poisoned.}
Rd8 (35... dxc4 $2 36. Rd6 $1 {and the threats will soon be lethal on the king,
so Black must give up his queen.}) 36. Qxa5 $1 {Amazing! Despite the fact that
it looks like White has no time to do this, he is just barely able to take
Black's pawns on time.} Rxc2 $2 {Maybe the losing move.} (36... Qb6+ 37. Qxb6+
Kxb6 38. Bd3 Kc5 {still is difficult for White as Black is very active.}) 37.
Rf2 $1 {Very important not to go for the intermezzo yet:} (37. Qxb4+ $6 Qb6+
38. Qxb6+ Kxb6 39. Rf2 dxc4 $1 {and White will have many problems with the
passed b-pawn after} 40. Rxd8 Rc1+ $1 41. Rf1 Rxf1+ 42. Kxf1 cxb3 {with an
unclear position that should end in a draw.}) 37... Rxf2 38. Qxd8 $1 (38. Qxb4+
Qb6 39. Qxb6+ Kxb6 40. Kxf2 Kc5 {is still unclear as Black's pieces are very
active.}) 38... Rg2+ 39. Kf1 Rb2 (39... Rxh2 {was no better since after} 40.
Bxd5+ Bxd5 41. Qxd5+ Qxd5 42. Rxd5 {the b4-pawn cannot be saved.}) 40. Bxd5+
Bxd5 41. Qxd5+ Qxd5 42. Rxd5 1-0

[Event "Paris FIDE GP"]
[Site "Elancourt"]
[Date "2013.09.29"]
[Round "7"]
[White "Nakamura, Hikaru"]
[Black "Caruana, Fabiano"]
[Result "1-0"]
[WhiteElo "2772"]
[BlackElo "2779"]
[Annotator "Ramirez Alvarez,A"]
[PlyCount "67"]
[EventDate "2013.09.22"]
[EventType "tourn"]
[EventRounds "11"]
[EventCountry "FRA"]
[EventCategory "20"]
[SourceTitle "CBM 157"]
[Source "ChessBase"]
[SourceDate "2013.11.12"]
[SourceVersion "1"]
[SourceVersionDate "2013.11.12"]
[SourceQuality "1"]
[TimeControl "40/7200:20/3600:900+30"]
[WhiteClock "2:00:00"]
[BlackClock "2:00:00"]

1. d4 {[%emt 0:00:05]} Nf6 {[%emt 0:00:05]} 2. c4 {[%emt 0:00:07]} g6 {[%emt 0:
00:04]} 3. f3 {[%emt 0:00:11] An aggressive system against the Gruenfeld.
Black could transpose back into the King's Indian Defense after which White
would have already committed to the Saemisch.'} d5 {[%emt 0:00:20]} 4. cxd5 {
[%emt 0:00:07]} Nxd5 {[%emt 0:00:04]} 5. e4 {[%emt 0:00:07]} Nb6 {[%emt 0:00:
04]} 6. Nc3 {[%emt 0:00:08]} Bg7 {[%emt 0:00:06]} 7. Be3 {[%emt 0:00:04]} O-O {
[%emt 0:00:39]} 8. Qd2 {[%emt 0:00:05]} Nc6 {[%emt 0:00:54]} 9. O-O-O {[%emt 0:
00:13]} Qd6 {[%emt 0:00:18] A position of much interest in recent years.'} (
9... e5) (9... f5) 10. h4 {[%emt 0:00:06]} (10. Nb5 Qd7 11. Bh6 Bxh6 12. Qxh6
a6 13. Nc3 Nxd4 {was Sivdler-Caruana from earlier this year that ended in a
draw.}) 10... Rd8 {[%emt 0:03:10]} 11. Nb5 {[%emt 0:03:21]} Qd7 {[%emt 0:00:39]
} 12. h5 {[%emt 0:00:05]} a6 {[%emt 0:03:47]} 13. Nc3 {[%emt 0:00:17]} Nxd4 {
[%emt 0:43:22]} 14. hxg6 {[%emt 0:00:17]} hxg6 $4 {[%emt 0:08:43]
Unexplainable. Black loses disastrous amounts of material with basic tactics.'}
(14... fxg6 $8 15. g4 Qc6 $5 16. Qf2 Ne6 {Grischuk-Mamedyarov, Tal Memorial
2010. This ended in a draw.}) 15. Bxd4 {[%emt 0:04:09]} Qxd4 {[%emt 0:10:14]} (
15... Bxd4 16. Qh6 {with the simple threat of Nge2, so Black must get out of
the way and fall to the secondary threat.} Qd6 17. Rxd4 (17. Nge2 $2 Qf6 $11)
17... Qxd4 18. Qh7+ Kf8 19. Qh8+ Qxh8 20. Rxh8+ Kg7 21. Rxd8 $18 {And Black is
simply down a piece.}) 16. Qe1 {[%emt 0:01:02]} (16. Qf4) (16. Qg5 {both win
as well with the same idea.}) 16... Qxd1+ {[%emt 0:00:04]} 17. Nxd1 {[%emt 0:
00:04] Black has a rook and a pawn for a queen. That's just not enough.'} Na4 {
[%emt 0:00:07]} 18. b3 {[%emt 0:10:59]} Nc5 {[%emt 0:00:04]} 19. e5 {[%emt 0:
00:10]} Bf5 {[%emt 0:01:26]} 20. f4 {[%emt 0:01:08]} a5 {[%emt 0:02:45]} 21.
Nf3 {[%emt 0:02:07]} a4 {[%emt 0:00:13] If Caruana hadn't blundered so early
he might have resigned as soon as he lost his queen.'} 22. b4 {[%emt 0:00:07]}
Nb3+ {[%emt 0:00:25] might as well go for the desperado'} 23. axb3 {[%emt 0:01:
32]} a3 {[%emt 0:03:23]} 24. Qc3 {[%emt 0:00:46]} e6 {[%emt 0:00:47]} 25. Ne3 {
[%emt 0:02:10]} a2 {[%emt 0:02:07]} 26. Qa1 {[%emt 0:00:06]} Bf8 {[%emt 0:00:
19]} 27. Nxf5 {[%emt 0:04:24]} gxf5 {[%emt 0:00:06]} 28. b5 {[%emt 0:00:28]} c6
{[%emt 0:05:32]} 29. bxc6 {[%emt 0:04:28]} Rdc8 {[%emt 0:00:04]} 30. Bc4 {
[%emt 0:00:19]} Rxc6 {[%emt 0:00:11]} 31. Nd4 {[%emt 0:00:07]} Rcc8 {[%emt 0:
00:11]} 32. Kc2 {[%emt 0:00:29]} Bb4 {[%emt 0:00:34]} 33. g4 {[%emt 0:00:47]}
fxg4 {[%emt 0:00:26]} 34. f5 {[%emt 0:00:05] Black's run out of immediate
threats and he will get promptly mated. A big blunder for sure!'} 1-0

[Event "Paris FIDE GP"]
[Site "Elancourt"]
[Date "2013.09.30"]
[Round "8"]
[White "Ivanchuk, Vassily"]
[Black "Nakamura, Hikaru"]
[Result "0-1"]
[WhiteElo "2731"]
[BlackElo "2772"]
[Annotator "Szabo,Kr"]
[PlyCount "109"]
[EventDate "2013.09.22"]
[EventType "tourn"]
[EventRounds "11"]
[EventCountry "FRA"]
[EventCategory "20"]
[SourceTitle "CBM 157"]
[Source "ChessBase"]
[SourceDate "2013.11.12"]
[SourceVersion "1"]
[SourceVersionDate "2013.11.12"]
[SourceQuality "1"]

1. e4 e5 2. Nf3 Nc6 3. Bb5 a6 4. Ba4 Nf6 5. d3 d6 6. c3 g6 {Black immediately
develops his B to the long diagonal. In the normal Ruy Lopez it takes two more
tempi via Re8, Bf8, g6, Bg7.} 7. O-O Bg7 8. Re1 O-O 9. h3 b5 10. Bc2 Bb7 11.
Nbd2 Re8 {With the double fianchetto Black is well-prepared against the
central push d3-d4.} 12. a4 ({Five years ago Ivanchuk tried this line with
Black too.} 12. d4 Nb8 {Black wants to build up a Breyer type of position.} (
12... d5 {is the typical central breakthrough in the Spanish.} 13. dxe5 Nxe5
14. Nxe5 Rxe5 15. Nf3 Re8 16. e5 Ne4 (16... Nd7)) 13. Rb1 Nbd7 14. d5 c6 15. c4
Qc7 16. b3 Bh6 17. Nf1 Bxc1 18. Rxc1 bxc4 19. bxc4 Nc5 $13 {
Morozevich-Ivanchuk, Nice blind 2008.}) 12... Nb8 (12... h6 13. axb5 axb5 14.
Rxa8 Bxa8 15. Bb3 Na5 16. Ba2 c5 17. Nf1 d5 18. exd5 Bxd5 19. Bxd5 Qxd5 20. Qe2
Nc6 $11 {Vysochin-Kobalia, Internet blitz 2003.}) 13. b4 {A flexible move on
the queenside.} c5 $146 (13... Nbd7 14. Nb3 Rb8 15. Be3 d5 16. Qb1 Bf8 17. axb5
axb5 18. Ra5 c5 (18... Nb6 $6 19. Rxb5 $1 dxe4 20. dxe4 Nc4 21. Bc1 c6 {
Black wins the exchange, but it doesn't help him.} 22. Rc5 $1 Bxc5 23. Nxc5 Bc8
24. Bb3 $16 {Kr.Georgiev-Flear, Saint Affrique 2005}) 19. bxc5 dxe4 20. dxe4
Nxc5 21. Bxc5 Bxc5 22. Rxb5 Bb6 23. Rxe5 Rxe5 24. Nxe5 Qc7 25. Nf3 Qxc3 {
and Black has some drawing chances.}) 14. bxc5 dxc5 15. Rb1 Bc6 16. Bb2 Nh5 ({
The natural} 16... Nbd7 {can be met by} 17. d4 $1 exd4 18. cxd4 cxd4 19. Nxd4
$14 {and White is slightly better.}) 17. g3 {Otherwise Nf4.} Bd7 (17... Nd7 {
was also possible, but Nakamura wanted to put his N on c6.}) 18. h4 Nc6 19. Bb3
(19. Nf1 {was also logical.}) 19... h6 {Black wants to avoid Ng5.} 20. Bd5 Rb8
21. Nb3 (21. axb5 axb5 22. Qb3 Qe7 23. Ra1 Nf6 24. Ra6 Rec8 25. Rea1 {with a
double-edged fight.}) 21... Qb6 22. axb5 axb5 23. Ba3 b4 24. Bb2 (24. cxb4 $6 {
is dubious, as} cxb4 25. Bb2 Nxg3) ({The engine suggests} 24. Nbd2 Ne7 (24...
Qa6 25. Bb2 bxc3 26. Bxc3 Qxd3 27. Rxb8 Rxb8 28. Re3 Qb5 29. Qa1 $44 {and
White has some compensation for the P.}) 25. Nc4 Qa7 26. cxb4 Nxd5 27. exd5 Bg4
{ect. typical moves by Mr. Houdini.}) 24... Bg4 (24... Nf6 {was an interesting
alternative. Black would like to remove the strong d5 B.} 25. Bc4 Bg4 26. Qe2 {
followed by Qe3 and still the position is unclear.}) 25. Nbd2 Ne7 26. Bc4 Nc6
27. Ra1 (27. Bd5 {is a repetition of moves, but Ivanchuk still wanted to
continue the fight.}) 27... Qc7 28. Qc2 Nf6 29. Rec1 bxc3 ({Maybe} 29... Rb6 {
was more accurate to keep the tension.}) 30. Bxc3 Nd4 ({In the event of} 30...
Nd7 31. Ra6 Nb6 32. Bb5 {and White has a comfortable position.}) 31. Nxd4 cxd4
32. Ba5 Qe7 33. Rcb1 Be6 34. Qa2 Bxc4 35. Nxc4 $14 {This position is slightly
better for White, because his B is much better than Black's one, and the black
central Ps are fixed on the dark squares. On the other hand it isn't so easy
to improve the position with White.} Ra8 36. Rb5 Nd7 37. Rab1 Reb8 38. Rd5
Rxb1+ 39. Qxb1 Rb8 40. Qa2 Qe6 (40... Nf8 41. Kg2 h5 {and Black tries to hold.}
) 41. Kg2 Qc6 42. Bd2 ({The computer immediately suggests the strong} 42. Rd6
$1 Qb7 43. Bb4 $1 Qb5 (43... Qxb4 44. Rxd7 $16) 44. Rd5 Qb7 45. Bd6 $16 {
and Black is in trouble.}) 42... Ra8 43. Qb1 h5 44. Rd6 Qa4 45. Qb7 Ra7 46. Qd5
Kh7 $1 {A very nice cool-blooded move.} 47. Qxf7 Nf6 48. Nb6 Qa3 49. Bc1 Rxf7
50. Bxa3 Ng4 51. f4 exf4 52. gxf4 Rxf4 53. Rd7 Rf2+ 54. Kg3 Kg8 55. Nc4 {
The position is completely drawn, probably White lost on time.} 0-1